00249nam a2200097Ia 4500008004100000041000800041100001300049245005900062650001100121999001900132230605s9999 xx 000 0 und d aeng atalukdar aparlez a l hotel an easy guide to learnig french vol-1 aFrench c417353d417353